000 00306nam a22001217a 4500
020 _a9781847558619
082 _a627.01
_bQUE/WA
245 _aWater System Science and Policy Interfacing
260 _aCambridge
_bRSC Publishing
_c2010
300 _a430
700 _aQuevauviller,Philippe
_9719
942 _cBK
999 _c14435
_d14435